La igualdad de oportunidades en la percepción femenina y en la percepción masculina
Guardat en:
| Autors principals: | , , |
|---|---|
| Format: | Llibre |
| Idioma: | espanyol |
| Publicat: |
Santiago
SERNAM
1991
|
| Matèries: | |
| Etiquetes: |
Afegir etiqueta
Sense etiquetes, Sigues el primer a etiquetar aquest registre!
|
MARC
| LEADER | 00000nam a2200000 a 4500 | ||
|---|---|---|---|
| 001 | UCY3552 | ||
| 003 | CL-VaPUC | ||
| 008 | 950104e19910000CL |||||||||||||||||spa|d | ||
| 082 | 0 | 4 | |a 305.4 |b ULL |2 21 |
| 100 | 0 | |a Ulloa, Jessica |e author |9 331870 | |
| 700 | 0 | |a Jana, Soledad |e author |9 331871 | |
| 700 | 0 | |a Farias, Patricia |e author |9 331872 | |
| 245 | 1 | 3 | |a La igualdad de oportunidades en la percepción femenina y en la percepción masculina |
| 300 | |a 59 p | ||
| 942 | |c BK | ||
| 945 | |d 19950104 00:00:00 |a rbrito | ||
| 260 | |a Santiago |b SERNAM |c 1991 | ||
| 650 | 0 | |a Discriminación sexual |9 313877 | |
| 650 | 0 | |a Igualdad de oportunidades |9 331873 | |
| 583 | |a last modification |c 19950104 00:00:00 |k Rodrigo Vera | ||
| 999 | |c 231656 |d 231654 | ||
| 952 | |0 0 |1 0 |4 0 |6 305_400000000000000_ULL_1991 |7 0 |8 A |9 235105 |a BIBGIM |b BIBGIM |d 2019-11-15 |i 3043983 |o 305.4 ULL 1991 |p 3043983 |r 2025-01-15 |w 2019-11-15 |y BK |k SSL | ||